D. Junii Juvenalis ; et A. Persii Flacci Satyrae / (Registro nro. 156533)

Detalles MARC
000 -LEADER
campo de control de longitud fija 00690nam a22002055i 4500
001 - NÚMERO DE CONTROL
campo de control 156533
003 - IDENTIFICADOR DE NÚMERO DE CONTROL
campo de control ES-MaACL
005 - FECHA Y HORA DE LA ÚLTIMA TRANSACCIÓN
campo de control 20230906210432.0
008 - DATOS DE LONGITUD FIJA--INFORMACIÓN GENERAL
campo de control de longitud fija 000614s1740 it |||| | lat d
040 ## - FUENTE DE CATALOGACIÓN
Centro catalogador/agencia de origen EUS
Lengua de catalogación spa
Centro/agencia transcriptor EUS
100 1# - ENTRADA PRINCIPAL--NOMBRE DE PERSONA
Nombre de persona Juvenal, Decio Junio.
9 (RLIN) 67373
245 10 - MENCIÓN DEL TÍTULO
Título D. Junii Juvenalis ; et A. Persii Flacci Satyrae /
Mención de responsabilidad, etc. cum annotationibus Thomae Farnabii.
260 ## - PUBLICACIÓN, DISTRIBUCIÓN, ETC.
Lugar de publicación, distribución, etc. Venetiis :
Nombre del editor, distribuidor, etc. apud Franciscum Pitteri,
Fecha de publicación, distribución, etc. 1740.
300 ## - DESCRIPCIÓN FÍSICA
Extensión 252 p. ;
Dimensiones 12º.
597 ## - NOTA DE DESCRIPCIÓN FÍSICA
NOTA DE DESCRIPCIÓN FÍSICA Sign.: A-K12, L6.
597 ## - NOTA DE DESCRIPCIÓN FÍSICA
NOTA DE DESCRIPCIÓN FÍSICA Port. a dos tintas con grab. xil.
700 11 - ENTRADA AGREGADA--NOMBRE PERSONAL
Nombre de persona Persio Flaco, Aulo.
9 (RLIN) 91400
700 1# - ENTRADA AGREGADA--NOMBRE PERSONAL
Nombre de persona Farnaby, Thomas.
9 (RLIN) 127011
852 ## - LOCALIZACIÓN
Ubicación ES-MaACL
Número de control de estantería R-578
Nota libre -- Enc. perg.
Encuadernación Olim: D-499
Existencias
Estatus retirado Estado de pérdida Estado de daño No para préstamo Colección Biblioteca de origen Biblioteca actual Ubicación en estantería Fecha de adquisición Fuente de adquisición Total de préstamos Signatura topográfica completa Código de barras Visto por última vez Precio de reemplazo Tipo de ítem Koha
        Libros del s. XVIII Biblioteca del Ateneo de Madrid Biblioteca del Ateneo de Madrid Depósito 17/01/2008     R-578 1163769 23/02/2023 23/02/2023 Libro impreso antiguo